| 000 | 00701nam a2200205Ia 4500 | ||
|---|---|---|---|
| 003 | LDD | ||
| 008 | 190117s9999 xx 000 0 und d | ||
| 020 |
_a9788180312083 _c₹550 |
||
| 040 | _cLDD | ||
| 041 | _ahi | ||
| 082 | _a8H3.7 ना1664अ-14 | ||
| 100 | _aनागर, अमृतलाल | ||
| 245 | 0 |
_aअमृत और विष _cअमृतलाल नागर |
|
| 250 | _aचौदहवाँ संस्करण | ||
| 260 |
_aइलाहबाद _bलोकभारती प्रकाशन _c2015 |
||
| 300 | _a477p. | ||
| 901 | _aKGP | ||
| 904 | _aReqst by : jitendra kumar srivasta | ||
| 942 |
_2ddc _cH |
||
| 999 |
_c162179 _d162179 |
||